Catálogo
 En Linea

Convención interamericana contra la corrupción / (Registro nro. 39006)

Detalles MARC
000 -CABECERA
campo de control de longitud fija 00848nam a2200181 a 4500
001 - NÚMERO DE CONTROL
campo de control 000039516
005 - FECHA Y HORA DE LA ÚLTIMA TRANSACCIÓN
campo de control 20201002031703.0
008 - DATOS DE LONGITUD FIJA--INFORMACIÓN GENERAL
campo de control de longitud fija 130704s2000 dr 000 0 spa d
040 ## - FUENTE DE LA CATALOGACIÓN
Centro catalogador/agencia de origen DO-SdBNP
Lengua de catalogación spa
Centro/agencia transcriptor BNPHU
100 1# - ENTRADA PRINCIPAL--NOMBRE DE PERSONA
Nombre de persona Rojas, Onofre
9 (RLIN) 31119
245 10 - MENCIÓN DE TÍTULO
Título Convención interamericana contra la corrupción /
Mención de responsabilidad, etc. Onofre Rojas.
260 ## - PUBLICACIÓN, DISTRIBUCIÓN, ETC.
Lugar de publicación, distribución, etc. Santo Domingo :
Nombre del editor, distribuidor, etc. Comisión Presidencial para la Reforma y Modernización del Estado.,
Fecha de publicación, distribución, etc. 2000.
300 ## - DESCRIPCIÓN FÍSICA
Extensión 34 p. ;
Dimensiones 21 cm.
490 1# - MENCIÓN DE SERIE
Mención de serie Conversatorios de la reforma
Designación de volumen o secuencia 6
500 ## - NOTA GENERAL
Nota general Conversatorio realizado en junio de 1994 en la ciudad de Cartagena de Indias, Colombia, el Dr. Onofre Rojas, en la IV Cumbre Iberoamericana de Jefes de Estado
710 2# - PUNTO DE ACCESO ADICIONAL--NOMBRE DE ENTIDAD CORPORATIVA
Nombre de entidad corporativa o nombre de jurisdicción como elemento de entrada República Dominicana.
Unidad subordinada Comisión Presidencial para la Reforma y Modernización del Estado.
9 (RLIN) 7089
830 #0 - PUNTO DE ACCESO ADICIONAL DE SERIE-TÍTULO UNIFORME
Título uniforme Conversatorios de la reforma
Designación de volumen o secuencia 6
9 (RLIN) 16542
Existencias
Estado de retiro Estado de pérdida No para préstamo Código de colección Localización permanente Ubicación/localización actual Ubicación en estantería Fecha de adquisición Número de inventario Total de préstamos Signatura topográfica completa Código de barras Fecha visto por última vez Precio válido a partir de Tipo de ítem Koha
    Excluido de préstamo Patrimonio Dominicano Patrimonio Dominicano Patrimonio Dominicano En catalogación 04.07.2013 LF1   39516-10 25.06.2020 25.06.2020 Libro y Folleto Colección Patrimonio Dominicano

Con tecnología Koha